| 000 | 00428nam a22001457a 4500 | ||
|---|---|---|---|
| 008 | 140606b xxu||||| |||| 00| 0 eng d | ||
| 020 | _a9780901819499 | ||
| 050 | _aLC375.L289 | ||
| 100 |
_aLankshear, David W. _910680 |
||
| 245 |
_aChurches Serving Schools _cDavid W. Lankshear |
||
| 260 |
_aLondon _bThe National Society _c1996 |
||
| 300 |
_avi, 96p. ; _c22cm. |
||
| 650 |
_aChristian schools _910681 |
||
| 942 |
_2lcc _cMONOGRAPH |
||
| 999 |
_c120647 _d120647 |
||